<?xml version="1.0" encoding="UTF-8"?>
<record
    xmlns:xsi="http://www.w3.org/2001/XMLSchema-instance"
    xsi:schemaLocation="http://www.loc.gov/MARC21/slim http://www.loc.gov/standards/marcxml/schema/MARC21slim.xsd"
    xmlns="http://www.loc.gov/MARC21/slim">

  <leader>01611nam a2200277 i 4500</leader>
  <controlfield tag="001">189889</controlfield>
  <controlfield tag="003">SpMaBN</controlfield>
  <controlfield tag="005">20230906223600.0</controlfield>
  <controlfield tag="008">191218s1993    ck       b   |||| |dspa d</controlfield>
  <datafield tag="020" ind1=" " ind2=" ">
    <subfield code="a">958-643-161-4</subfield>
  </datafield>
  <datafield tag="080" ind1=" " ind2=" ">
    <subfield code="a">017.2 Santander, Francisco de Paula</subfield>
  </datafield>
  <datafield tag="080" ind1=" " ind2=" ">
    <subfield code="a">930.255(861 B.)</subfield>
  </datafield>
  <datafield tag="080" ind1=" " ind2=" ">
    <subfield code="a">012 Santander, Francisco de Paula</subfield>
  </datafield>
  <datafield tag="245" ind1="0" ind2="0">
    <subfield code="a">Santander y los libros.</subfield>
  </datafield>
  <datafield tag="250" ind1=" " ind2=" ">
    <subfield code="a">1&#xAA; ed.</subfield>
  </datafield>
  <datafield tag="260" ind1=" " ind2=" ">
    <subfield code="a">Bogot&#xE1; : </subfield>
    <subfield code="b">Fundaci&#xF3;n Francisco de Paula Santander, </subfield>
    <subfield code="c">1993.</subfield>
  </datafield>
  <datafield tag="300" ind1=" " ind2=" ">
    <subfield code="a">3 v. ; </subfield>
    <subfield code="c">28 cm.</subfield>
  </datafield>
  <datafield tag="505" ind1="8" ind2=" ">
    <subfield code="a">Contiene: I ; </subfield>
    <subfield code="t">El Archivo Santander / </subfield>
    <subfield code="r">Luis Horacio L&#xF3;pez Dom&#xED;nguez con la colaboraci&#xF3;n de Ricardo Ladino Rodr&#xED;guez - II. -- </subfield>
    <subfield code="t">Perfil biogr&#xE1;fico y cat&#xE1;logo de la Biblioteca que perteneci&#xF3; al general Santander. Textos y cronolog&#xED;as / </subfield>
    <subfield code="r">Luis Horacio L&#xF3;pez Mart&#xED;nez ... [et al.]. Cat&#xE1;logo general de la Biblioteca de Santander / </subfield>
    <subfield code="r">Eduardo Ruiz Mart&#xED;nez - III. -- </subfield>
    <subfield code="t">Cat&#xE1;logo bibliogr&#xE1;fico / </subfield>
    <subfield code="r">Luis Horacio L&#xF3;pez Dom&#xED;nguez con la colaboraci&#xF3;n de Ricardo Ladino Rodr&#xED;guez</subfield>
  </datafield>
  <datafield tag="594" ind1=" " ind2=" ">
    <subfield code="a">En port.: Fundaci&#xF3;n para la Conmemoraci&#xF3;n del Bicentenario del Natalicio y el Sesquicentenario de la Muerte del General Francisco de Paula Santander. Biblioteca de la Presidencia de la Rep&#xFA;blica.</subfield>
  </datafield>
  <datafield tag="600" ind1="1" ind2="7">
    <subfield code="a">Santander, Francisco de Paula-</subfield>
    <subfield code="x">Biblioteca-</subfield>
    <subfield code="v">Cat&#xE1;logos.</subfield>
    <subfield code="9">169156</subfield>
  </datafield>
  <datafield tag="600" ind1="1" ind2="7">
    <subfield code="a">Santander, Francisco de Paula-</subfield>
    <subfield code="x">Archivo-</subfield>
    <subfield code="v">Cat&#xE1;logos.</subfield>
    <subfield code="9">169157</subfield>
  </datafield>
  <datafield tag="600" ind1="1" ind2="7">
    <subfield code="a">Santander, Francisco de Paula-</subfield>
    <subfield code="v">Bibliograf&#xED;as.</subfield>
    <subfield code="9">169158</subfield>
  </datafield>
  <datafield tag="700" ind1="1" ind2=" ">
    <subfield code="a">L&#xF3;pez Dom&#xED;nguez, Luis Horacio.</subfield>
    <subfield code="9">142739</subfield>
  </datafield>
  <datafield tag="700" ind1="1" ind2=" ">
    <subfield code="a">Santander, Francisco de Paula.</subfield>
    <subfield code="9">142712</subfield>
  </datafield>
  <datafield tag="852" ind1=" " ind2=" ">
    <subfield code="a">ES-MaACL</subfield>
    <subfield code="j">L-32470-72</subfield>
  </datafield>
  <datafield tag="999" ind1=" " ind2=" ">
    <subfield code="c">189889</subfield>
    <subfield code="d">189889</subfield>
  </datafield>
  <datafield tag="952" ind1=" " ind2=" ">
    <subfield code="0">0</subfield>
    <subfield code="1">0</subfield>
    <subfield code="4">0</subfield>
    <subfield code="7">0</subfield>
    <subfield code="a">ATENEOM</subfield>
    <subfield code="b">ATENEOM</subfield>
    <subfield code="c">DEPO2</subfield>
    <subfield code="d">2019-12-18</subfield>
    <subfield code="e">DON</subfield>
    <subfield code="l">0</subfield>
    <subfield code="o">L-32470-72</subfield>
    <subfield code="p">1201423</subfield>
    <subfield code="r">2023-02-23 00:00:00</subfield>
    <subfield code="w">2023-02-23</subfield>
    <subfield code="y">MONOGRAFIA</subfield>
  </datafield>
</record>
